| 000 | 00807nam a22002417a 4500 | ||
|---|---|---|---|
| 003 | DO-SdBPM | ||
| 005 | 20241128102203.0 | ||
| 008 | 161202b2002 xx a 00| 0 spa d | ||
| 020 | _a2764115008 | ||
| 040 |
_aDO-SdBPM _bspa _cBPMSU |
||
| 082 | 4 |
_a843.47 _bP454g 2002 _222 |
|
| 100 | 1 |
_aPerrault, Charles _d1628-1703 _968 |
|
| 245 | 1 | 3 |
_aEl gato con botas / _cCharles Perrault ; ilustración Pawel Pawlak ; traducción Gloria Jaramillo |
| 260 |
_aCanada : _bTormont Publication, _c2002 |
||
| 300 |
_a6 p. : _bil, ; _c20 cm. |
||
| 590 | _aInventariado, 2024/VM | ||
| 650 | 4 | _aCuentos infantiles franceses | |
| 650 | 4 | _aLiteratura infantil francesa | |
| 700 | 1 |
_aPawlak, Pawel _eilustración |
|
| 700 | 1 |
_aJaramillo, Gloria _etraducción |
|
| 910 | _aVMateo V. Control de calidad. BPMSU | ||
| 942 |
_2ddc _cBK |
||
| 999 |
_c14875 _d14875 |
||